000 00491nam a2200181Ia 4500
005 20250508163306.0
008 008 250505s9999 xx 000 0 eng d
037 _aTextual
040 _aFEDL
_beng
_cFEDL
041 _aeng
_2eng
084 _a070, PAR
_qFEDL
100 _aParthasarathy Rangaswami
_946715
245 0 _aHundred years of the hindu
260 _aMadras, India
_bKasturi and Sons
300 _a842p.
942 _cTEXL
_h070, PAR
999 _c1382092
_d1382092